| 000 | 01647nas a2200277Ia 4500 | ||
|---|---|---|---|
| 001 | R790-R8879 | ||
| 003 | IT-CnALBA | ||
| 008 | 170116c99999999xx |||||||||||| ||und|| | ||
| 040 |
_aIT-CnALBA _cIT-CnALBA |
||
| 041 | _aITALIANO | ||
| 100 | _aCOMUZIO ERMANNO | ||
| 210 | _aCINEFORUM | ||
| 222 | _aCINEFORUM | ||
| 245 | 0 | _aCINEFORUM. APRILE 1995. RIVISTA DI CULTURA CINEMATOGRAFICA. | |
| 250 | _a1a ed. | ||
| 260 |
_a BERGAMO _bFEDERAZ. ITAL. CINEFORUN ED. _c1995 [1° Ed.:1995 - Ed.Ling.Originale: 1995] |
||
| 300 | _a96 p. | ||
| 310 | _aMENSILE | ||
| 362 | _aFascicolo: 343 / Anno: 35 (1995) | ||
| 500 | _aI CENTO ANNI DEL CINEMA, LA GOLDEN AGE. MOSTRE E RASSEGNE. LONDRA BERGAMO MILANO. PANORAMICHE SU GIAPPONE NIGERIA SERBIA. LETTERE D'AMORE, SERGEJ EJZENSTEJN. FLASHBACK, IL FUGGIASCO. ALTMAN, BESSON, BENTON, LINK LATER, LUCHETTI PLACIDO. DE MARINIS G, LA POLLA F. SEI GRADI DI SEPARAZIONE. SOSTIERE PEREIRA. FILM IN BREVE. SQUARCI DI CINEMA. CHIACCHIARI F. CAUSO M. EMILIANI S. NOVITÀ HOMOVIDEO MESE. | ||
| 501 | _aSocietà San Paolo EM - Piazza San Paolo, 14 - 12051 ALBA (CN) (non commercial uses only) ® Copyright 2017 | ||
| 520 | _aI CENTO ANNI DEL CINEMA, LA GOLDEN AGE. MOSTRE E RASSEGNE. LONDRA BERGAMO MILANO. PANORAMICHE SU GIAPPONE NIGERIA SERBIA. LETTERE D'AMORE, SERGEJ EJZENSTEJN. FLASHBACK, IL FUGGIASCO. ALTMAN, BESSON, BENTON, LINK LATER, LUCHETTI PLACIDO. DE MARINIS G, LA POLLA F. SEI GRADI DI SEPARAZIONE. SOSTIERE PEREIRA. FILM IN BREVE. SQUARCI DI CINEMA. CHIACCHIARI F. CAUSO M. EMILIANI S. NOVITÀ HOMOVIDEO MESE. | ||
| 650 | _aARTI RICREATIVE E DELLO SPETTACOLO | ||
| 942 | _cCR | ||
| 957 | _71 | ||
| 999 |
_a60446 _bNO _g1 _c327472 _d327472 |
||